Colorectal cancer screening saves lives : fast facts.

Bibliographic Details
Format: Government Document eBook
Language:English
Published: [Atlanta, Ga.] : [U.S. Department of Health and Human Services, Centers for Disease Control and Prevention], [2014]
Series:HHS publication ; (CDC) 21-1029.
Subjects:
Online Access:https://purl.fdlp.gov/GPO/gpo63289

MARC

Tag First Indicator Second Indicator Subfields
LEADER 00000cam a2200000 i 4500
001 in00003616021
005 20211120173544.0
006 m o d f
007 cr bn|||||||||
008 151124s2014 gau o f000 0 eng c
035 |a (OCoLC)ocn930292389 
040 |a GPO  |b eng  |e rda  |e pn  |c GPO  |d GPO  |d MvI  |d UtOrBLW 
042 |a pcc 
049 |a WWW 
074 |a 0504 (online) 
086 0 |a HE 20.7002:C 71/5 
245 0 0 |a Colorectal cancer screening saves lives :  |b fast facts. 
264 1 |a [Atlanta, Ga.] :  |b [U.S. Department of Health and Human Services, Centers for Disease Control and Prevention],  |c [2014] 
300 |a 1 online resource (1 unnumbered page). 
336 |a text  |b txt  |2 rdacontent 
337 |a computer  |b c  |2 rdamedia 
338 |a online resource  |b cr  |2 rdacarrier 
490 1 |a CDC Publication ;  |v 21-1029 
500 |a Title from title screen (viewed on Nov. 24, 2015). 
500 |a "March 2014". 
650 0 |a Colon (Anatomy)  |x Cancer  |x Diagnosis.  |0 http://id.loc.gov/authorities/subjects/sh2010009012 
650 0 |a Rectum  |x Cancer  |x Diagnosis.  |0 http://id.loc.gov/authorities/subjects/sh2010010222 
710 2 |a Centers for Disease Control (U.S.),  |e issuing body.  |0 http://id.loc.gov/authorities/names/n81140389 
776 0 8 |i Print version:  |t Colorectal cancer screening saves lives : fast facts.  |w (OCoLC)930292824 
830 0 |a HHS publication ;  |v (CDC) 21-1029.  |0 http://id.loc.gov/authorities/names/n84710191 
856 4 0 |u https://purl.fdlp.gov/GPO/gpo63289  |t 0 
999 f f |s 3b9e4e06-06e0-3732-97e3-808e187a2cc3  |i 079ce91e-2868-3bfd-97c1-d4f675bad361  |t 0 
952 f f |a Texas A&M University  |b College Station  |c Electronic Resources  |d Available Online  |t 0  |e HE 20.7002:C 71/5  |h Superintendent of Documents classification 
998 f f |a HE 20.7002:C 71/5  |t 0  |l Available Online